[Event "Napoli Parthenope op 1st"]
[Site "Napoli"]
[Date "2005.05.14"]
[Round "3"]
[White "Orefice, Nino"]
[Black "Schiappoli, Dario"]
[Result "1-0"]
[WhiteElo "1822"]
[BlackElo "1954"]
[PlyCount "92"]
[EventDate "2005.05.13"]
[EventType "swiss"]
[EventRounds "6"]
[EventCountry "ITA"]
[SourceTitle "EXT 2007"]
[Source "ChessBase"]
[SourceDate "2006.11.23"]
[SourceVersion "1"]
[SourceVersionDate "2006.11.23"]
[SourceQuality "1"]

1. Nf3 Nf6 2. g3 d5 3. Bg2 c5 4. 0-0 Nc6 5. d3 e5 6. Nbd2 h6 7. c3 Bf5 8. Qa4 Qd7 9. e4 Bh7 10. exd5 Nxd5 11. Nxe5 Nxe5 12. Qxd7+ Nxd7 13. Bxd5 0-0-0 14. Be4 f5 15. Bg2 Ne5 16. d4 cxd4 17. cxd4 Rxd4 18. Nb3 Rd3 19. Bf4 Bd6 20. Bxb7+ Kxb7 21. Bxe5 Rxb3 22. Bxd6 Rxb2 23. Be5 Rb4 24. Rab1 Rxb1 25. Rxb1+ Ka6 26. Bxg7 Rc8 27. Bxh6 f4 28. Rd1 fxg3 29. hxg3 Be4 30. Bg5 Rc5 31. Be3 Rc2 32. a3 Ra2 33. Bc5 Bf3 34. Rc1 Rd2 35. Kf1 Rb2 36. Bb4 Kb6 37. Bc3 Ra2 38. Bd4+ Kb7 39. Rb1+ Ka6 40. Rb3 Bd5 41. Rc3 Kb7 42. Ke1 a5 43. f4 Ka6 44. f5 a4 45. Be5 Be4 46. f6 Ra1+ 1-0